000 00596nam a2200169Ia 4500
003 GCL
008 140319s9999 xx 000 0 ara d
040 _aGCL /
_cGCL
082 0 4 _a258.4
_bم م
100 1 _aالامام المقدسى
245 1 0 _aكتاب محنة الامام احمد بن حنبل /
_cالامام المقدسى
260 _a[S.N] :
_bمركز الكتاب للنشر ،
_c1991
300 _a135 ص
490 _a
650 0 4 _aابن حنبل: ابوعبدالله احمد بن محمد بن هلال بن اسد بن ادريس الشيبانى
942 _2ddc
_cBK
999 _c52411
_d52411